000 00238nam a2200109Ia 4500
008 190216s9999||||xx |||||||||||||| ||und||
100 _aSunami
245 0 _aHindi-Aghir Jeet Hamari
260 _bRajadhani
650 _aHindi
942 _cBK
999 _c15502
_d15502